GETS Theological Seminary Library

New directions in biblical theology : (Record no. 41758)

MARC details
000 -LEADER
fixed length control field 01606nam a2200181Ia 4500
008 - FIXED-LENGTH DATA ELEMENTS--GENERAL INFORMATION
fixed length control field 220922s9999 xx 000 0 und d
020 ## - INTERNATIONAL STANDARD BOOK NUMBER
International Standard Book Number 97890041012039004101209
041 ## - LANGUAGE CODE
Language code of text/sound track or separate title eng
050 ## - LIBRARY OF CONGRESS CALL NUMBER
Classification number BS543
Item number .N48 1994
245 #0 - TITLE STATEMENT
Title New directions in biblical theology :
Remainder of title papers of the Aarhus Conference, 16-19 September 1992 /
Statement of responsibility, etc. edited by Sigfred Pedersen
260 ## - PUBLICATION, DISTRIBUTION, ETC.
Place of publication, distribution, etc. Leiden ; Boston :
Name of publisher, distributor, etc. Brill,
Date of publication, distribution, etc. 1994
300 ## - PHYSICAL DESCRIPTION
Extent xiii, 290 p.:
Other physical details ill. ;
Dimensions 25 cm.
490 ## - SERIES STATEMENT
Series statement Supplements to Novum Testamentum ;
Volume/sequential designation 76
505 ## - FORMATTED CONTENTS NOTE
Formatted contents note 1. Offenbarungen und Offenbarung. Philosophische und theologische Erwagungen zum Verhaltnis von Altem und Neuem Testament / Hans Hubner -- 2. Paul and "Biblical Theology" / A.J.M. Wedderburn -- 3. Biblische Theologie im Romerbrief / Karl Kertelge -- 4. Salvation-History in the Gospel of Matthew. An Example of Biblical Theology / Mogens Muller -- 5. The Lucan Interpretation of Jesus as Biblical Theology / Jacob Jervell -- 6. Biblical Theology and the Johannine Literature / Judith M. Lieu -- 7. Biblische Theologie im Lichte des Hebraerbriefes / Otfried Hofius -- 8. Old Testament Metaphors in the New Testament / Kirsten Nielsen -- 9. Die Weisheit in menschlicher Gestalt. Weisheitstheologie im Johannesprolog als Paradigma einer Biblischen Theologie / Hans Weder -- 10. Apokalyptik als bibeltheologisches Thema. Dargestellt an Dan 9 und Mk 13 / Aage Pilgaard -- 11. Diakonia als bibeltheologisches Thema / Helge Kjoer Nielsen.
650 ## - SUBJECT ADDED ENTRY--TOPICAL TERM
Topical term or geographic name entry element Bible Theology Congresses.New Testament Theology Congresses.Conference papers and proceedings.
700 ## - ADDED ENTRY--PERSONAL NAME
Personal name Pedersen, Sigfred
Holdings
Withdrawn status Lost status Damaged status Not for loan Home library Current library Shelving location Date acquired Cost, normal purchase price Total Checkouts Full call number Barcode Date last seen Price effective from Koha item type
        GETS Theological Seminary Library GETS Theological Seminary Library   09/21/2022 24.50   BS543 .N48 1994 00027677 09/21/2022 09/21/2022 English Books
OpacCredits

Contact the Librarian, GETS Library
Email: library@mygets.org









Implemented by GETS Library
(Powered by ETCA Professional Group)
GETS Theological Seminary
412 E. Rowland Street, CA 91723